Bankovníctvo je také, aká je úroveň hospodárstva, ekonomiky a predovšetkým zdravia podnikateľských subjektov

Súvislosti reštrukturalizácie bánk s reštrukturalizáciou podnikateľských subjektov. Úroveň slovenského bankovníctva a nedostatky v porovnaní s okolitými krajinami, kde prebehla privatizácia.

Na minha lista:
Detalhes bibliográficos
Autor principal: Sivák, Rudolf, 1955-
Formato: Capítulo de Livro
Idioma:eslovaco
Assuntos:
Tags: Adicionar Tag
Sem tags, seja o primeiro a adicionar uma tag!

MARC

LEADER 00000naa a2200000 4500
001 r041937
005 20240502071336.7
041 0 |a slo 
044 |a SK 
245 1 0 |a Bankovníctvo je také, aká je úroveň hospodárstva, ekonomiky a predovšetkým zdravia podnikateľských subjektov  |c Rudolf Sivák 
520 |a Súvislosti reštrukturalizácie bánk s reštrukturalizáciou podnikateľských subjektov. Úroveň slovenského bankovníctva a nedostatky v porovnaní s okolitými krajinami, kde prebehla privatizácia. 
610 2 0 |a bankovníctvo 
610 2 0 |a reštrukturalizácia finančná 
610 2 0 |a podnikanie 
610 2 0 |a privatizácia 
610 2 0 |a podnik 
610 2 0 |a banky 
610 2 0 |a Slovensko 
100 1 |a Sivák, Rudolf, 1955-